Normal view
MARC view
Entry Personal Name
001 - CONTROL NUMBER
- control field: 286
003 - CONTROL NUMBER IDENTIFIER
- control field: PK-NaQUE
005 - DATE AND TIME OF LATEST TRANSACTION
- control field: 20260602103733.0
008 - FIXED-LENGTH DATA ELEMENTS
- fixed length control field: 260602|| aca||aabn | a|a d
040 ## - CATALOGING SOURCE
- Original cataloging agency: PK-NaQUE
- Transcribing agency: PK-NaQUE
100 ## - HEADING--PERSONAL NAME
- Personal name: Reddick, Harry W
670 ## - SOURCE DATA FOUND
- Source citation: Work cat.: (PK-NaQUE)13147: Reddick, Harry W. , Advanced Mathematics for Engineers /, 1960.